[Event "Canadian op"]
[Site "Edmonton"]
[Date "2005.07.09"]
[Round "1"]
[White "Hansen, Eric"]
[Black "Meller, Kenneth"]
[Result "1-0"]
[WhiteElo "1910"]
[BlackElo "1367"]
[PlyCount "87"]
[EventDate "2005.07.09"]
[EventType "swiss"]
[EventRounds "10"]
[EventCountry "CAN"]
[SourceTitle "CBM 107 Extra"]
[Source "ChessBase"]
[SourceDate "2005.09.01"]
[SourceVersion "1"]
[SourceVersionDate "2005.09.01"]
[SourceQuality "1"]

1. e4 e5 2. Nf3 d6 3. d4 exd4 4. Nxd4 h6 5. Nc3 Nf6 6. f3 Bd7 7. Be3 Nc6 8. Bc4 Qe7 9. Qd2 Nxd4 10. Qxd4 Qe5 11. 0-0-0 Be7 12. g4 Qxd4 13. Bxd4 0-0 14. h4 Ne8 15. Rdg1 c5 16. Be3 Nc7 17. g5 Kh7 18. Bxf7 Be6 19. Bh5 d5 20. gxh6 Rg8 21. exd5 Bxd5 22. Rxg7+ Rxg7 23. hxg7 Rg8 24. Rg1 Rxg7 25. Rxg7+ Kxg7 26. Bg5 Bxg5+ 27. hxg5 b5 28. f4 b4 29. Nxd5 Nxd5 30. f5 Nf4 31. Bg4 a5 32. Kd2 Ng2 33. f6+ Kf8 34. g6 Nf4 35. g7+ Kg8 36. Bf5 c4 37. Ke1 a4 38. b3 cxb3 39. cxb3 a3 40. Kf2 Nh5 41. Be6+ Kh7 42. g8Q+ Kh6 43. Bf7 Nf4 44. Qg7# 1-0